Disney par pays - Statistiques

Statistiques générales
  • Ce quiz a été pris 227 fois
  • Le résultat moyen est 9 sur 15
Réponses sur la Carte
Les réponses sont colorées sur une échelle allant du rouge au vert en fonction du pourcentage des utilisateurs qui les ont devinées à leur premier essai. Vous pouvez retrouver ces pourcentages ci-dessous.
 
Statistiques - réponses
Réponse % Correct
Ratatouille
84%
Pinocchio
80%
Mulan
79%
Hercule
76%
La Reine des Neiges
76%
Kuzco
62%
aladdin
61%
Le Roi Lion
60%
Le Livre de la Jungle
58%
La Princesse et la Grenouille
53%
Le Monde de Némo
50%
Rebelle
49%
Tarzan
48%
Vaiana
47%
Là-Haut
24%
Aucun quiz correspondant
Distribution des résultats
% des personnes avec chaque résultat
Percentile par nombre de réponses
Votre historique - résultats
Vous n’avez pas pris ce quiz